01487nam a22003737a 4500001000400000003000600004005001700010008004100027020001800068040003000086042001400116050002500130082001400155100001800169245002400187250004800211260003500259300002100294505000600315520029300321521001800614521001800632650001900650650003400669650003800703650004000741650003600781650003500817651005000852906004500902942001500947999001300962952013800975377FISKH20231211141109.0230330b cb ||||| |||| 00| 0 eng d a9780545395274 aDLCcDLCdDLCdFISKHbeng alcacapcc00aPZ7.W42235bPie 201100a813.62231 aWeeks, Sarah.10aPie /cSarah Weeks. aThis edition first printing, September 2011 aNew York :bScholastic.c2011. a183 p. ;c20 cm. aS aAfter the death of Polly Portman, whose award-winning pies put the town of Ipswitch, Pennsylvania, on the map in the 1950s, her devoted niece Alice and Alice's friend Charlie investigate who is going to extremes to find Aunt Polly's secret pie crust recipe. Includes fourteen pie recipes.8 a930 bLexile8 aS bRaz-Plus 1aPiesvFiction. 1aBakers and bakeriesvFiction. 1aFormulas, recipes, etc.vFiction. 1aFamily lifezPennsylvaniavFiction. 1aMothers and daughtersvFiction. 1aMystery and detective stories. 1aPennsylvaniaxHistoryy20th centuryvFiction. a7bcbccorignewd1eecipf20gy-gencatlg 2ddccBKn0 c377d377 00102ddc40708FICa001b001cTKSFd2023-03-30l2oWEE 813 PZ7.W42235 pFISTK00188r2025-12-16 14:04:03s2025-10-31w2023-03-30yBK